00434nam a2200157 i 450000100060000000300090000600500170001500700030003200800410003510000150007624500870009126000280017830000220020670000270022885200210025591415ES-MaACL20230906180721.0t|050131s1934 fr ||||1| fre d1 aLevine, B.13aIl était deux camerades / cB. Levine ; traduit du russe par Claude des Periers. aParis : bPlon, c1934. a252 p. ; c19 cm.1 aPériers, Claude des. aES-MaACLjA-2763